[Event "Niederoesterreich Landesliga 1617"]
[Site "Austria"]
[Date "2017.03.26"]
[Round "10.1"]
[White "Buchnicek, Petr"]
[Black "Groetz, Harald"]
[Result "0-1"]
[WhiteElo "2310"]
[BlackElo "2272"]
[PlyCount "94"]
[EventDate "2016.10.02"]
[EventType "team-tourn"]
[EventRounds "11"]
[EventCountry "AUT"]
[SourceTitle "EXT 2018"]
[Source "ChessBase"]
[SourceDate "2017.10.13"]
[SourceVersion "1"]
[SourceVersionDate "2017.10.13"]
[SourceQuality "1"]
[WhiteTeam "Zwettl"]
[BlackTeam "Stockerau"]
[WhiteTeamCountry "AUT"]
[BlackTeamCountry "AUT"]

1. e4 c5 2. c3 Nf6 3. e5 Nd5 4. d4 cxd4 5. cxd4 e6 6. Nc3 Nxc3 7. bxc3 d6 8. Nf3 Qc7 9. Bd2 Nd7 10. exd6 Bxd6 11. Bd3 b6 12. Ng5 Nf6 13. Ne4 Nxe4 14. Bxe4 Rb8 15. Bd3 Bb7 16. Qg4 0-0 17. Qh4 f5 18. 0-0 e5 19. f3 Rbd8 20. Rac1 Kh8 21. Rfe1 Qf7 22. Bg5 Rd7 23. Bb5 Rc7 24. dxe5 Bc5+ 25. Kh1 Qxa2 26. Re2 Qe6 27. Rd1 Bd5 28. c4 Bc6 29. Bd8 Rd7 30. Rxd7 Bxd7 31. Bc7 Bxb5 32. cxb5 Rc8 33. Bd8 Qd7 34. Bg5 Qxb5 35. Re1 Re8 36. e6 Rxe6 37. Rd1 Re8 38. Bf6 Bf8 39. Ba1 Qe2 40. Rg1 Bc5 41. Bxg7+ Kxg7 42. Qg5+ Kf7 43. Qxf5+ Ke7 44. Qxh7+ Kd6 45. Qg6+ Kd5 46. Qg5+ Kc6 47. Qc1 Qe3 0-1

[Event "Niederoesterreich Landesliga 1617"]
[Site "Austria"]
[Date "2017.02.19"]
[Round "7.1"]
[White "Groetz, Harald"]
[Black "Knoll, Hermann"]
[Result "1-0"]
[WhiteElo "2272"]
[BlackElo "2341"]
[PlyCount "57"]
[EventDate "2016.10.02"]
[EventType "team-tourn"]
[EventRounds "11"]
[EventCountry "AUT"]
[SourceTitle "EXT 2018"]
[Source "ChessBase"]
[SourceDate "2017.10.13"]
[SourceVersion "1"]
[SourceVersionDate "2017.10.13"]
[SourceQuality "1"]
[WhiteTeam "Stockerau"]
[BlackTeam "Mostarrichi"]
[WhiteTeamCountry "AUT"]
[BlackTeamCountry "AUT"]

1. Nf3 d5 2. g3 Nf6 3. Bg2 c6 4. 0-0 Bf5 5. b3 h6 6. Bb2 e6 7. d4 Be7 8. c4 0-0 9. Nbd2 a5 10. a3 Nbd7 11. Ne5 Bh7 12. Re1 c5 13. cxd5 exd5 14. Nxd7 Qxd7 15. dxc5 Bxc5 16. Bxf6 gxf6 17. Ne4 Be7 18. Nc3 d4 19. Nd5 Ra6 20. Qxd4 Kg7 21. Qb2 Bd8 22. Rad1 Qe6 23. Nf4 Qe5 24. Qc1 Be4 25. Bxe4 Qxe4 26. Rd5 Rc6 27. Rc5 Be7 28. Rxc6 Qxc6 29. Nh5+ 1-0

[Event "Niederoesterreich Landesliga 1617"]
[Site "Austria"]
[Date "2017.01.22"]
[Round "5.1"]
[White "Groetz, Harald"]
[Black "Sandhoefner, Florian"]
[Result "1/2-1/2"]
[WhiteElo "2272"]
[BlackElo "2251"]
[PlyCount "83"]
[EventDate "2016.10.02"]
[EventType "team-tourn"]
[EventRounds "11"]
[EventCountry "AUT"]
[SourceTitle "EXT 2018"]
[Source "ChessBase"]
[SourceDate "2017.10.13"]
[SourceVersion "1"]
[SourceVersionDate "2017.10.13"]
[SourceQuality "1"]
[WhiteTeam "Stockerau"]
[BlackTeam "Amstetten"]
[WhiteTeamCountry "AUT"]
[BlackTeamCountry "AUT"]

1. e4 c5 2. Nf3 d6 3. c3 Nf6 4. Bd3 Bg4 5. h3 Bh5 6. Bc2 Nc6 7. d3 e6 8. 0-0 Be7 9. Nbd2 0-0 10. a4 d5 11. Qe1 Qc7 12. Nh2 Bd6 13. g3 e5 14. exd5 Nxd5 15. Nc4 Be7 16. Ng4 f6 17. Nge3 Nxe3 18. Nxe3 Qd7 19. Kh2 Rad8 20. Bb3+ Bf7 21. Bc4 Na5 22. Bb5 Qc7 23. Qe2 Nb3 24. Rb1 a6 25. Bc4 Qd7 26. Qg4 Qxg4 27. hxg4 Rd7 28. Nf5 Rfd8 29. g5 Nxc1 30. gxf6 Bxf6 31. Rbxc1 Bxc4 32. dxc4 Rd2 33. Kg2 Re2 34. Rfe1 Rxe1 35. Rxe1 Rd2 36. Rb1 e4 37. Kf1 Bg5 38. g4 Rc2 39. Nd6 e3 40. fxe3 Bxe3 41. Nxb7 Rh2 42. Re1 1/2-1/2

[Event "Krk Golden Island op 4th"]
[Site "Malinska"]
[Date "2016.11.02"]
[Round "6"]
[White "Groetz, Harald"]
[Black "Rogulj, Branko"]
[Result "1/2-1/2"]
[WhiteElo "2272"]
[BlackElo "2380"]
[PlyCount "50"]
[EventDate "2016.10.29"]
[EventType "swiss"]
[EventRounds "9"]
[EventCountry "CRO"]
[SourceTitle "CBM 175 Extra"]
[Source "ChessBase"]
[SourceDate "2016.12.12"]
[SourceVersion "1"]
[SourceVersionDate "2016.12.12"]
[SourceQuality "1"]

1. e4 Nf6 2. e5 Nd5 3. d4 d6 4. Nf3 Bg4 5. Be2 c6 6. 0-0 Bxf3 7. Bxf3 dxe5 8. dxe5 e6 9. Nd2 Nd7 10. Re1 Be7 11. Nc4 0-0 12. a4 N7b6 13. Qe2 Nxc4 14. Qxc4 Bg5 15. g3 Bxc1 16. Raxc1 Qb6 17. b3 Rad8 18. Rcd1 Ne7 19. Qc3 a5 20. Rxd8 Rxd8 21. Rd1 Rxd1+ 22. Bxd1 Nd5 23. Qc4 Qc7 24. Qd4 c5 25. Qe4 Nc3 1/2-1/2

[Event "Krk Golden Island op 4th"]
[Site "Malinska"]
[Date "2016.11.01"]
[Round "5"]
[White "Mrdja, Milan"]
[Black "Groetz, Harald"]
[Result "0-1"]
[WhiteElo "2315"]
[BlackElo "2272"]
[PlyCount "33"]
[EventDate "2016.10.29"]
[EventType "swiss"]
[EventRounds "9"]
[EventCountry "CRO"]
[SourceTitle "CBM 175 Extra"]
[Source "ChessBase"]
[SourceDate "2016.12.12"]
[SourceVersion "1"]
[SourceVersionDate "2016.12.12"]
[SourceQuality "1"]

1. e4 c5 2. Nf3 d6 3. d4 Nf6 4. Nc3 cxd4 5. Qxd4 a6 6. Bg5 Nc6 7. Qd2 b5 8. 0-0-0 Bb7 9. Kb1 e6 10. Qf4 h6 11. Qh4 hxg5 12. Qxh8 b4 13. e5 Nxe5 14. Nxe5 bxc3 15. h4 Ne4 16. Qh5 Qc7 17. Nc4 0-1

[Event "Niederoesterreich Landesliga 1617"]
[Site "Austria"]
[Date "2016.10.23"]
[Round "2.2"]
[White "Woeber, Friedrich"]
[Black "Groetz, Harald"]
[Result "0-1"]
[WhiteElo "2116"]
[BlackElo "2272"]
[PlyCount "62"]
[EventDate "2016.10.02"]
[EventType "team-tourn"]
[EventRounds "11"]
[EventCountry "AUT"]
[SourceTitle "EXT 2018"]
[Source "ChessBase"]
[SourceDate "2017.10.13"]
[SourceVersion "1"]
[SourceVersionDate "2017.10.13"]
[SourceQuality "1"]
[WhiteTeam "Krems Voest"]
[BlackTeam "Stockerau"]
[WhiteTeamCountry "AUT"]
[BlackTeamCountry "AUT"]

1. e4 c5 2. c3 Nf6 3. e5 Nd5 4. d4 cxd4 5. Nf3 e6 6. cxd4 d6 7. Bc4 Nb6 8. Bd3 Nc6 9. Nc3 dxe5 10. dxe5 Nb4 11. Be4 Qxd1+ 12. Kxd1 Be7 13. Ke2 0-0 14. Rd1 Nc6 15. Bf4 Nd7 16. Rac1 Nc5 17. Bb1 b6 18. Ne4 Ba6+ 19. Ke1 Nb4 20. Nxc5 Bxc5 21. Ng5 Nd5 22. Bd2 h6 23. Nf3 Rfd8 24. a3 g5 25. h4 g4 26. Nh2 Bd4 27. Bg5 hxg5 28. Rxd4 Nf4 29. Rxd8+ Rxd8 30. Be4 Rd4 31. f3 g3 0-1